| 000 | 00410nam a22001457a 4500 | ||
|---|---|---|---|
| 005 | 20170125141439.0 | ||
| 008 | 170125b xxu||||| |||| 00| 0 eng d | ||
| 040 | _cPK-LaUMT | ||
| 082 |
_a297.4 _bRIA-I |
||
| 100 | _aریاض احمد خان | ||
| 245 |
_aاسلام اور تزکیہ نفس/ _cریاض احمد خان |
||
| 260 |
_aلاہور: _bکتاب سرائے، _c2013 |
||
| 300 | _a312 ص | ||
| 942 | _cBK | ||
| 999 |
_c90477 _d90477 |
||